Партийное руководство комсомолом Северного Кавказа в годы Великой Отечественной войны

מידע ביבליוגרפי
מחבר ראשי: Якаев С. Н. Султан Нохаевич
סיכום:Исключено из фонда НТБ ТПУ
שפה:רוסית
יצא לאור: Ростов н/Д, Изд-во Рост. ун-та, 1988
פורמט: ספר
KOHA link:https://koha.lib.tpu.ru/cgi-bin/koha/opac-detail.pl?biblionumber=210153

MARC

LEADER 00000nam0a2200000 4500
001 210153
005 20231031192021.0
010 |a 575070095X 
020 |a RU  |b 89-3994 
035 |a (RuTPU)RU\TPU\book\229524 
090 |a 210153 
100 |a 20120220d1988 m a0rusy5003 ca 
101 0 |a rus 
102 |a RU 
105 |a y z 001zy 
200 1 |a Партийное руководство комсомолом Северного Кавказа в годы Великой Отечественной войны  |f С. Н. Якаев 
210 |a Ростов н/Д  |c Изд-во Рост. ун-та  |d 1988 
215 |a 181,[2] с.  |d 22 см 
320 |a Библиогр. в примеч.: с. 168-182. 
333 |a Исключено из фонда НТБ ТПУ 
700 1 |a Якаев  |b С. Н.  |g Султан Нохаевич  |4 070 
801 0 |a RU  |b RuMRKP  |c 19950417  |g psbo 
801 1 |a RU  |b 63413507  |c 20120220 
801 2 |a RU  |b 63413507  |c 20170124  |g RCR 
942 |c BK